FAO monthly bulletin of statistics

Gespeichert in:
Bibliographische Detailangaben
Format: Schriftenreihe
Sprache:Englisch
Veröffentlicht: Rome Food and Agricultural Organization 1987
Tags: Tag hinzufügen
Keine Tags, Fügen Sie das erste Tag hinzu!

MARC

LEADER 00000nas2a2200000 4500
001 s038653
005 20250730114149.8
041 0 |a eng 
044 |a IT 
245 1 0 |a FAO monthly bulletin of statistics 
264 1 |a Rome  |b Food and Agricultural Organization  |c 1987 
300 |a 1 zv. 
773 0 |w eu_un_cat*s120686